ARRUPE JESUIT UNIVERSITY

CORONAVIRUS -STOP THE SPREAD - CLEAN,DISINFECT,COVER

When victims become killers (Record no. 1769)

MARC details
000 -LEADER
fixed length control field 00558nam a2200205Ia 4500
003 - CONTROL NUMBER IDENTIFIER
control field 0100
008 - FIXED-LENGTH DATA ELEMENTS--GENERAL INFORMATION
fixed length control field 130227s9999 xx 000 0 und d
040 ## - CATALOGING SOURCE
Transcribing agency ARRUPELIB
050 ## - LIBRARY OF CONGRESS CALL NUMBER
Classification number DT450.435.M35 2001
100 ## - MAIN ENTRY--PERSONAL NAME
Personal name Mamdani, Mahmood
9 (RLIN) 30146
245 ## - TITLE STATEMENT
Title When victims become killers
245 ## - TITLE STATEMENT
Remainder of title colonialism, nativism, and the genocide in Rwanda
260 ## - PUBLICATION, DISTRIBUTION, ETC. (IMPRINT)
Name of publisher, distributor, etc Fountain Publishers
Place of publication, distribution, etc Kampala
Date of publication, distribution, etc 2001
300 ## - PHYSICAL DESCRIPTION
Extent xvi
300 ## - PHYSICAL DESCRIPTION
Other physical details 364p. 26cm.
650 ## - SUBJECT ADDED ENTRY--TOPICAL TERM
Topical term following geographic name as entry element Genocide
General subdivision History
Chronological subdivision 20th century
Geographic subdivision Rwanda
9 (RLIN) 30128
650 ## - SUBJECT ADDED ENTRY--TOPICAL TERM
Topical term following geographic name as entry element Rwanda
General subdivision Ethics Relations
-- History
9 (RLIN) 30147
650 ## - SUBJECT ADDED ENTRY--TOPICAL TERM
Topical term following geographic name as entry element Rwanda
General subdivision Politics
9 (RLIN) 30142
650 ## - SUBJECT ADDED ENTRY--TOPICAL TERM
Topical term following geographic name as entry element Hutu (African people)
General subdivision Crimes against
-- History
Chronological subdivision 20th century
Geographic subdivision Rwanda
9 (RLIN) 30148
650 ## - SUBJECT ADDED ENTRY--TOPICAL TERM
Topical term following geographic name as entry element Tutsi (African people)
General subdivision Crimes against
-- History
Chronological subdivision 20th century
Geographic subdivision Rwanda
9 (RLIN) 30149
942 ## - ADDED ENTRY ELEMENTS (KOHA)
Source of classification or shelving scheme Library of Congress Classification
Koha issues (borrowed), all copies 7
Item type Monograph ( Printed materials)
Holdings
Withdrawn status Lost status Source of classification or shelving scheme Damaged status Not for loan Collection code Home library Current library Shelving location Date acquired Total Checkouts Full call number Barcode Checked out Date last seen Date last borrowed Copy number Price effective from Koha item type
    Library of Congress Classification     Main Collection ARRUPE LIBRARY ARRUPE LIBRARY   27/02/2013 21 DT450.435.M35 2001 46402462 27/05/2026 13/05/2026 13/05/2026 1 27/02/2013 Monograph ( Printed materials)

 

Arrupe Library. PO Box MP320 Mt Pleasant, Harare, Zimbabwe
263 242 745411|librarian@aju.ac.zw